000 00515nam a2200181Ia 4500
008 090124s9999 xx 000 0 und d
082 _b204221
100 _aदास वर्षा
245 _a ऐसा क्यों ?
250 _a0
260 _bबोकील बाळकृष्ण
_c1995
300 _a24
600 _aदास वर्षा
630 _a ऐसा क्यों ?
700 _aदास वर्षा
730 _a ऐसा क्यों ?
942 _cBOOK
999 _c185802
_d185802